000 00729nam a22002177a 4500
003 URS
005 20260211174056.0
008 260211b |||||||| |||| 00| 0 eng d
020 _a97862140633772
040 _aDLC
_beng
_cDLC
_dURS
_erda
050 _aPL 5533.F3
_bB497 2024
100 _aBilly, Maryse Bianca M.
_eauthor
245 _aFilipino sa iba't ibang disiplina
_cMaryse Bianca M. Billy
264 _aIntramuros, Manila
_bMindshapers Co. Inc.
_cc2024
300 _aviii,
_b192 pages; ill.;
_c26 cm.
336 _2rdacontent
_atext
_btxt
337 _2rdamedia
_aunmediated
_bn
338 _2rdacarrier
_avolume
_bnc
650 _2Komunikasyon sa pang-edukasyon
942 _2lcc
_cF
_hPL 5533.F3
_iB497 2024
999 _c89231
_d89228